Catálogo
 En Linea

Olimpiada : (Registro nro. 10721)

Detalles MARC
000 -CABECERA
campo de control de longitud fija 00727nam a2200205 a 4500
001 - NÚMERO DE CONTROL
campo de control 000010983
005 - FECHA Y HORA DE LA ÚLTIMA TRANSACCIÓN
campo de control 20240412074222.0
008 - DATOS DE LONGITUD FIJA--INFORMACIÓN GENERAL
campo de control de longitud fija 091013s1959 dr c 000 p spa d
040 ## - FUENTE DE LA CATALOGACIÓN
Centro catalogador/agencia de origen DO-SdBNP
Lengua de catalogación spa
Centro/agencia transcriptor BNPHU
082 ## - NÚMERO DE LA CLASIFICACIÓN DECIMAL DEWEY
Número de clasificación RD861.44
Número de documento/Ítem V635o
049 ## - FONDOS LOCALES (OCLC)
Fondos de biblioteca BNPD
100 1# - ENTRADA PRINCIPAL--NOMBRE DE PERSONA
Nombre de persona Vicioso V., A. Felino
9 (RLIN) 24315
245 10 - MENCIÓN DE TÍTULO
Título Olimpiada :
Resto del título cantos a los deportes y otras diversiones /
Mención de responsabilidad, etc. A. Felino Vicioso V.
260 ## - PUBLICACIÓN, DISTRIBUCIÓN, ETC.
Lugar de publicación, distribución, etc. Ciudad Trujillo, República Dominicana :
Nombre del editor, distribuidor, etc. Montalvo,
Fecha de publicación, distribución, etc. 1959.
300 ## - DESCRIPCIÓN FÍSICA
Extensión 110 p. :
Otras características físicas retr. ;
Dimensiones 24 cm.
500 ## - NOTA GENERAL
Nota general In meroriam: de mis antecesores de esta y de Azua, mi sueldo natal -
500 ## - NOTA GENERAL
Nota general Incluye notas al pie de las páginas.
650 #0 - PUNTO DE ACCESO ADICIONAL DE MATERIA--TÉRMINO DE MATERIA
Término de materia o nombre geográfico como elemento de entrada Poesía dominicana
9 (RLIN) 66
650 #0 - PUNTO DE ACCESO ADICIONAL DE MATERIA--TÉRMINO DE MATERIA
Término de materia o nombre geográfico como elemento de entrada Literatura dominicana.
9 (RLIN) 67
Existencias
Estado de retiro Estado de pérdida Restricciones de uso No para préstamo Código de colección Localización permanente Ubicación/localización actual Ubicación en estantería Fecha de adquisición Número de inventario Total de préstamos Signatura topográfica completa Código de barras Fecha visto por última vez Número de copia Precio válido a partir de Tipo de ítem Koha Nota pública
        Dominicana de Servicio General General En catalogación 13.10.2009 LF1   RD861.44 V635o 10983-30 25.06.2020 e. 3 25.06.2020 Libro y Folleto Colección Dominicana de Servicio Dedicado
        Dominicana de Servicio General General En catalogación 13.10.2009 LF1   RD861.44 V635o 10983-40 25.06.2020 e. 4 25.06.2020 Libro y Folleto Colección Dominicana de Servicio Dedicado
        Dominicana de Servicio General General En catalogación 13.10.2009 LF1   RD861.44 V635o 10983-50 25.06.2020 e. 5 25.06.2020 Libro y Folleto Colección Dominicana de Servicio Dedicado
        Patrimonio Dominicano General General En catalogación 30.05.2011 LF1   RD861.44 V635o 10983-60 25.06.2020 e. 6 25.06.2020 Libro y Folleto Colección Patrimonio Dominicano  
      Excluido de préstamo Patrimonio Dominicano Patrimonio Dominicano Patrimonio Dominicano En catalogación 13.10.2009 LF1   RD861.44 V635o 10983-10 25.06.2020   25.06.2020 Libro y Folleto Colección Patrimonio Dominicano Dedicado
      Excluido de préstamo Patrimonio Dominicano Patrimonio Dominicano Patrimonio Dominicano En catalogación 13.10.2009 LF1   RD861.44 V635o 10983-20 25.06.2020 e. 2 25.06.2020 Libro y Folleto Colección Patrimonio Dominicano Dedicado

Con tecnología Koha